01126nam a22003014a 4500001001200000003000800012006001900020007001500039008004100054010001700095020002500112020002200137040002100159035002100180050002700201100001700228245008300245260005300328300003700381500002000418533015200438650002400590650002100614655002900635710001700664856012600681999001700807ebr10255066CaPaEBRm u cr cn|||||||||061211s2008 maua s 001 0 eng  z 2006940095 z9781598633818 (pbk.) z1598633813 (pbk.) aCaPaEBRcCaPaEBR a(OCoLC)56058352714aTR897.7b.P3555 2008eb1 aPardew, Les.10aCharacter emotion in 2d and 3d animationh[electronic resource] /cLes Pardew. aBoston, MA :bThomson Course Technology,cc2008. avii, 249 p. :bill. (some col.). aIncludes index. aElectronic reproduction.bPalo Alto, Calif. :cebrary,d2013.nAvailable via World Wide Web.nAccess may be limited to ebrary affiliated libraries. 0aComputer animation. 0aEmotions in art. 7aElectronic books.2local2 aebrary, Inc.40uhttp://site.ebrary.com/lib/rucke/Doc?id=10255066zAn electronic book accessible through the World Wide Web; click to view c34211d34211